Detalles MARC
| 000 -CABECERA |
| Longitud fija campo de control |
01515nam a2200409 c 4500 |
| 001 - NÚMERO DE CONTROL |
| Número de control |
463 |
| 003 - IDENTIFICADOR DE NÚMERO DE CONTROL |
| Identificador del número de control |
ES-MaCES |
| 005 - FECHA Y HORA DE LA ÚLTIMA TRANSACCIÓN |
| Fecha y hora de la última transacción |
20141221121505.0 |
| 008 - CAMPO FIJO DE DESCRIPCIÓN FIJA--INFORMACIÓN GENERAL |
| Códigos de información de longitud fija |
970610s1992 sp ||| | spa d |
| 017 ## - NÚMERO DE REGISTRO DE DERECHOS DE AUTOR Y DEPÓSITO LEGAL |
| Número de copyright o de depósito legal |
M. 9.182-1992 |
| Agencia que asigna el número |
DL |
| 020 ## - ISBN (INTERNATIONAL STANDARD BOOK NUMBER) |
| Número Internacional Normalizado para Libros (ISBN) |
8447000079 |
| 035 ## - NÚMERO DE CONTROL DEL SISTEMA |
| Número de control del sistema |
CES19980004655m |
| 040 ## - FUENTE DE CATALOGACIÓN |
| Centro catalogador de origen |
ES-MaCES |
| Lengua de catalogación |
spa |
| Centro transcriptor |
ES-MaCES |
| 245 00 - MENCIÓN DE TÍTULO |
| Título |
Comentarios a la Ley general para la defensa de los consumidores y usuarios |
| Mención de responsabilidad, etc. |
autores, Alberto Bercovitz Rodríguez-Cano ... [et al.] ; Rodrigo Bercovitz Rodríguez-Cano y Javier Salas Hernández (coordinadores) |
| 250 ## - MENCIÓN DE EDICIÓN |
| Mención de edición |
1ª ed |
| 260 ## - PUBLICACIÓN, DISTRIBUCIÓN, ETC (PIE DE IMPRENTA) |
| Lugar de publicación, distribución, etc. |
Madrid |
| Nombre del editor, distribuidor, etc. |
Civitas |
| Fecha de publicación, distribución, etc. |
1992 |
| 300 ## - DESCRIPCIÓN FÍSICA |
| Extensión |
1421 p. |
| Dimensiones |
24 cm |
| 505 0# - NOTA DE CONTENIDO FORMATEADA |
| Nota de contenido con formato |
Apéndice legislativo: p. 1111-1391 |
| 541 ## - NOTA DE LA FUENTE INMEDIANTE DE ADQUISICIÓN |
| Forma de adquisición |
Compra |
| 610 14 - ASIENTO SECUNDARIO DE MATERIA--NOMBRE CORPORATIVO |
| Nombre de entidad corporativa o nombre de jurisdicción como elemento inicial |
España |
| Título de la obra |
Ley general para la defensa de los consumidores y usuarios |
| Fecha del congreso o de la firma de un tratado |
1984 |
| 9 (RLIN) |
3153 |
| 650 #4 - ASIENTO SECUNDARIO DE MATERIA--TÉRMINO DE MATERIA |
| Término de materia o nombre geográfico como elemento inicial |
protección del consumidor |
| 9 (RLIN) |
29407 |
| 650 #4 - ASIENTO SECUNDARIO DE MATERIA--TÉRMINO DE MATERIA |
| Término de materia o nombre geográfico como elemento inicial |
España |
| 9 (RLIN) |
26964 |
| 650 #4 - ASIENTO SECUNDARIO DE MATERIA--TÉRMINO DE MATERIA |
| Término de materia o nombre geográfico como elemento inicial |
Comunidades Autónomas |
| 9 (RLIN) |
30768 |
| 650 #4 - ASIENTO SECUNDARIO DE MATERIA--TÉRMINO DE MATERIA |
| Término de materia o nombre geográfico como elemento inicial |
legislación |
| 9 (RLIN) |
27153 |
| 650 #4 - ASIENTO SECUNDARIO DE MATERIA--TÉRMINO DE MATERIA |
| Término de materia o nombre geográfico como elemento inicial |
texto |
| 9 (RLIN) |
29624 |
| 650 #4 - ASIENTO SECUNDARIO DE MATERIA--TÉRMINO DE MATERIA |
| Término de materia o nombre geográfico como elemento inicial |
comentario |
| 9 (RLIN) |
28971 |
| 650 #4 - ASIENTO SECUNDARIO DE MATERIA--TÉRMINO DE MATERIA |
| Término de materia o nombre geográfico como elemento inicial |
derecho comunitario |
| 9 (RLIN) |
29866 |
| 650 #4 - ASIENTO SECUNDARIO DE MATERIA--TÉRMINO DE MATERIA |
| Término de materia o nombre geográfico como elemento inicial |
Directiva de la CE |
| 9 (RLIN) |
29873 |
| 653 10 - TÉRMINO DE INDEXACIÓN--NO CONTROLADO |
| Término no controlado |
Legislación |
| 700 1# - ENCABEZAMIENTO SECUNDARIO--NOMBRE PERSONAL |
| Nombre de persona |
Bercovitz Rodríguez-Cano, Alberto |
| 9 (RLIN) |
7570 |
| 700 1# - ENCABEZAMIENTO SECUNDARIO--NOMBRE PERSONAL |
| Nombre de persona |
Bercovitz Rodríguez-Cano, Rodrigo |
| Término indicativo de función |
col. |
| 9 (RLIN) |
7571 |
| 700 1# - ENCABEZAMIENTO SECUNDARIO--NOMBRE PERSONAL |
| Nombre de persona |
Salas Hernández, Javier |
| Término indicativo de función |
coord. |
| 9 (RLIN) |
23063 |
| 710 1# - ENCABEZAMIENTO SECUNDARIO--NOMBRE CORPORATIVO |
| Nombre de entidad o nombre de jurisdicción como elemento inicial |
España |
| Título de la obra |
Ley general para la defensa de los consumidores y usuarios |
| Fecha del congreso o de la firma de un tratado |
1984 |
| 9 (RLIN) |
3153 |
| 902 ## - CES. TIPO DE DOCUMENTO |
| Tipodoc (006$c Sirtex) |
LIB Libro |
| 942 ## - ELEMENTOS KOHA |
| Fuente de clasificaión o esquema |
Clasificación propia del CES |
| Koha [por defecto] tipo de item |
Monografías |
| Parte de clasificación |
6.1. |